banner-ar

AMERICAN SHORT NOVELS / (Record no. 3223)

MARC details
000 -الفاتح
حقل البيانات ثابتة الطول 00677nam a2200253Ia 4500
008 - عناصر البيانات ثابتة الطول - معلومات عامة
حقل البيانات ثابتة الطول 140319s9999 xx 000 0 eng d
020 ## - الرقم الدولى المعيارى للكتب
الرقم الدولى المعيارى للكتاب 5050015189
040 ## - مصدر الفهرسة
وكالة الفهرسة الأصلية GCL /
وكالة النسخ GCL
082 04 - رقم تصنيف ديوى العشرى
رقم التصنيف 813.01
رقم المادة J A
100 1# - المدخل الرئيسى - إسم شخصى
الإسم الشخصى STEINBECK, JOHN
245 10 - بيان العنوان
العنوان AMERICAN SHORT NOVELS /
بيان المسئوليه,etc STEINBECK, JOHN
700 1# - المدخل الاضافى - اسم شخصى
الإسم الشخصى JONES, JAMES
700 1# - المدخل الاضافى - اسم شخصى
الإسم الشخصى PRICE, REYNOLDS
700 1# - المدخل الاضافى - اسم شخصى
الإسم الشخصى UNDIKE, JOHN
260 ## - PUBLICATION, DISTRIBUTION, ETC. (IMPRINT)
تاريخ النشر أو التوزيع 1987
300 ## - الوصف المادى
التعداد 20 CM ؛
أبعاد الوعاء 495 P
650 04 - المدخل الاضافى بالموضوع-مصطلح موضوعى
مصطلح موضوعي LITERATURE
650 04 - المدخل الاضافى بالموضوع-مصطلح موضوعى
مصطلح موضوعي SHORT STORIES
650 04 - المدخل الاضافى بالموضوع-مصطلح موضوعى
مصطلح موضوعي AMERICAN LITERATURE
650 04 - المدخل الاضافى بالموضوع-مصطلح موضوعى
مصطلح موضوعي SHORT STORIES, AMERICA
650 04 - المدخل الاضافى بالموضوع-مصطلح موضوعى
مصطلح موضوعي ADVENTURE STORIES - AMERICA
942 ## - عناصر المدخل الإضافي( كوها)
مصدر التصنيف او مخطط الترفيف Dewey Decimal Classification
Koha [default] item type كتاب
260 ## - PUBLICATION, DISTRIBUTION, ETC. (IMPRINT)
-- روسيا :
-- RADUGA PUBLISHERS ،
Holdings
حالة التراجع حالة الفقد حالة تلف ليس للاعارة المكان المؤقت الموقع الحالى تاريخ الاكتساب اجمالي اﻻعارات رقم الطلب الباركود تاريخ اخر مشاهدة تاريخ تفعيل السعر نوع وعاء كوها
        مكتبة القاهرة الكبرى مكتبة القاهرة الكبرى 03/26/2014   813.01\J A 7058 03/26/2014 03/26/2014 كتاب
        مكتبة القاهرة الكبرى مكتبة القاهرة الكبرى 03/26/2014   813.01\J A 7059 03/26/2014 03/26/2014 كتاب

Powered By

EGPV